000 00793nas a2200265 4500
001 BR0505171
003 BR-BrBNA
005 20231205105714.0
007 ta
008 230509b bl.|||p| |||| 00| 00por d
040 _aBR-BrBNA
_bpor
_cBiblioteca Nacional de Agricultura
041 _a(Pt)
072 _aF03
100 1 _aMenezes, N.L. de
100 1 _aCícero, S.M.
100 1 _aVillela, F.A.
245 1 _aIdentificação de fissuras em sementes de arroz após a secagem artificial, por meio de raios-X
650 _aARROZ
650 _aSEMENTE
650 _aSECAGEM ARTIFICIAL
650 _aRAIO X
773 0 _tCiência Rural (Brazil)
_xISSN 0103-8478
_g(Sep-Oct 2005), v. 35(5) p. 1194-1196
_wBR0505171
909 _a202311
_bLúcia
_c55
_dLúcia Elande
942 _2AGRIS
_n0
_cANA
999 _c184251
_d184251